| 000 | 00556nam a2200181 a 4500 | ||
|---|---|---|---|
| 005 | 20210223120736.0 | ||
| 008 | 991125s1979 mx 000 0 spa u | ||
| 020 | _a9685826560 | ||
| 035 | _aUPN01000006502 | ||
| 049 | _aCG | ||
| 050 | 4 |
_aF1391 C3 _bG3.3 |
|
| 100 | 1 | _aGarcía de Fuentes, Ana | |
| 245 | 1 | 0 |
_aCancún : _bturismo y subdesarrollo regional / _cAna García de Fuentes. |
| 260 |
_aMéxico : _bUNAM, Instituto de Geografía, _c1979. |
||
| 300 |
_a128 p. : _bmapas |
||
| 651 | 4 |
_aCANCUN, QUINTANA ROO - _xDESCRIPCION Y VIAJES _95904 |
|
| 905 | _aLibro | ||
| 999 |
_c6502 _d6502 |
||